| 000 | 00486nam a2200157Ia 4500 | ||
|---|---|---|---|
| 008 | 140529s9999 xx 000 0 und d | ||
| 020 | _a9780230238855 | ||
| 050 |
_aHB 172.5 _b.M324 2010 |
||
| 245 |
_aMacroeconometrics and time series analysis / _cedited by Steven N. Durlauf, Lawrence E. Blume |
||
| 260 |
_aBasingstoke : _bPalgrave Macmillan, _cc2010. |
||
| 300 |
_a406 p. : _bill. ; _c24 cm. |
||
| 500 | _aIncludes index. | ||
| 521 | _aBSBA | ||
| 942 |
_kFOR _cBK |
||
| 999 |
_c117693 _d117693 |
||